[Event "HUN-ch U20"]
[Site "Szolnok"]
[Date "2024.04.06"]
[Round "9"]
[White "Papai, Mate"]
[Black "Hegedus, Zsombor"]
[Result "1-0"]
[WhiteElo "1887"]
[BlackElo "1759"]
[PlyCount "113"]
[EventDate "2024.03.31"]
[EventType "swiss"]
[EventRounds "9"]
[EventCountry "HUN"]
[SourceTitle "CB16_2024"]
[SourceDate "2024.04.17"]
[SourceVersion "1"]
[SourceVersionDate "2024.04.17"]
[SourceQuality "1"]

1. d4 Nf6 2. c4 c5 3. d5 b5 4. cxb5 a6 5. bxa6 g6 6. Nc3 Bg7 7. e4 0-0 8. Nf3 Qa5 9. a7 Rxa7 10. Bd2 Qb6 11. Qc2 d6 12. Be2 Bd7 13. 0-0 Na6 14. a3 Rfa8 15. Rab1 Rb7 16. h3 Ne8 17. Rfe1 Nec7 18. Bf1 Rab8 19. b3 Nb5 20. Bxb5 Bxb5 21. Nxb5 Qxb5 22. Bc3 Nc7 23. Nd2 Bh6 24. Nc4 f6 25. a4 Qd7 26. Na5 Rb6 27. Nc6 Ra8 28. b4 cxb4 29. Rxb4 Rxb4 30. Bxb4 Na6 31. Bc3 Nc5 32. a5 Bf4 33. Bd4 Na6 34. Rb1 Be5 35. Be3 g5 36. Qc4 g4 37. Nxe5 fxe5 38. Qc6 Qd8 39. Bb6 Qf8 40. hxg4 Kg7 41. Be3 Qd8 42. Rb7 Kf6 43. g5+ Kg6 44. Rxe7 Qxe7 45. Qxa8 Nc5 46. Qg8+ Kh5 47. Bxc5 dxc5 48. Qe6 Qxg5 49. Qh3+ Kg6 50. Qg3 c4 51. Qxg5+ Kxg5 52. d6 Kf6 53. d7 Ke7 54. a6 c3 55. a7 c2 56. d8Q+ Ke6 57. Qc8+ 1-0

[Event "HUN-ch U20"]
[Site "Szolnok"]
[Date "2024.04.04"]
[Round "6"]
[White "Minga Nagy, Abel Inti"]
[Black "Papai, Mate"]
[Result "0-1"]
[WhiteElo "1929"]
[BlackElo "1887"]
[PlyCount "110"]
[EventDate "2024.03.31"]
[EventType "swiss"]
[EventRounds "9"]
[EventCountry "HUN"]
[SourceTitle "CB16_2024"]
[SourceDate "2024.04.17"]
[SourceVersion "1"]
[SourceVersionDate "2024.04.17"]
[SourceQuality "1"]

1. e4 c5 2. Nf3 e6 3. d4 cxd4 4. Nxd4 Nc6 5. Nc3 Qc7 6. g4 h6 7. Bg2 Nf6 8. Nxc6 dxc6 9. Qe2 e5 10. g5 hxg5 11. Bxg5 Be6 12. Rd1 Bc5 13. Be3 Bd4 14. Bxd4 exd4 15. Rxd4 Qe5 16. Qd2 Rxh2 17. f4 Rxh1+ 18. Bxh1 Qh5 19. Bg2 Qh2 20. Kf1 Nh5 21. e5 Bh3 22. Qf2 Qh1+ 23. Qg1 Bxg2+ 24. Kf2 Qxg1+ 25. Kxg1 Bd5 26. f5 0-0-0 27. Rg4 Re8 28. Nxd5 cxd5 29. Rg5 g6 30. fxg6 fxg6 31. Rxg6 Rxe5 32. Kf2 Nf4 33. Rg7 a5 34. Kf3 Ne6 35. Rg8+ Kc7 36. c3 b5 37. Ra8 a4 38. b3 axb3 39. axb3 b4 40. cxb4 Nd4+ 41. Kf4 Re4+ 42. Kg3 Nxb3 43. b5 d4 44. b6+ Kb7 45. Rd8 Kxb6 46. Rb8+ Kc5 47. Rxb3 Kc4 48. Rb8 d3 49. Kf3 Re7 50. Rc8+ Kb3 51. Kf2 d2 52. Rd8 Kc2 53. Rc8+ Kd1 54. Ra8 Rf7+ 55. Ke3 Ke1 0-1

[Event "HUN-ch U20"]
[Site "Szolnok"]
[Date "2024.04.02"]
[Round "3"]
[White "Papai, Mate"]
[Black "Morovan Szabo, Lorinc"]
[Result "1-0"]
[WhiteElo "1887"]
[BlackElo "1822"]
[PlyCount "95"]
[EventDate "2024.03.31"]
[EventType "swiss"]
[EventRounds "9"]
[EventCountry "HUN"]
[SourceTitle "CB16_2024"]
[SourceDate "2024.04.17"]
[SourceVersion "1"]
[SourceVersionDate "2024.04.17"]
[SourceQuality "1"]

1. d4 Nf6 2. c4 g6 3. Nc3 Bg7 4. e4 d6 5. Be2 0-0 6. Be3 e5 7. Nf3 Nc6 8. d5 Ne7 9. Nd2 Nd7 10. b4 f5 11. f3 f4 12. Bf2 g5 13. c5 Nf6 14. Nc4 a6 15. Qb3 Kh8 16. Rc1 g4 17. a4 Rb8 18. cxd6 cxd6 19. Bb6 Qd7 20. Ba7 b5 21. Bxb8 bxc4 22. Qxc4 Ne8 23. Nd1 Qb7 24. Bc7 gxf3 25. gxf3 Nxc7 26. Qxc7 Qxb4+ 27. Qc3 Qxa4 28. Nb2 Qe8 29. Qc7 Bf6 30. Qxd6 Bh4+ 31. Kd2 Ng6 32. Bxa6 Be7 33. Qb6 Bxa6 34. Qxa6 Qb8 35. Nd3 Nh4 36. Ke2 Qb3 37. Qa7 Nxf3 38. Qxe7 Nd4+ 39. Ke1 Nf3+ 40. Kf2 Qb6+ 41. Qc5 Qh6 42. Kxf3 Qh3+ 43. Ke2 Qg2+ 44. Nf2 f3+ 45. Kd2 Qg5+ 46. Kd3 Rb8 47. Rhg1 Rb3+ 48. Kc4 1-0

[Event "HUN-ch U20"]
[Site "Szolnok"]
[Date "2024.04.02"]
[Round "2"]
[White "Pergel, Bence"]
[Black "Papai, Mate"]
[Result "0-1"]
[WhiteElo "1752"]
[BlackElo "1887"]
[PlyCount "120"]
[EventDate "2024.03.31"]
[EventType "swiss"]
[EventRounds "9"]
[EventCountry "HUN"]
[SourceTitle "CB16_2024"]
[SourceDate "2024.04.17"]
[SourceVersion "1"]
[SourceVersionDate "2024.04.17"]
[SourceQuality "1"]

1. Nf3 d5 2. d4 Nf6 3. c4 c6 4. Nc3 e6 5. Bg5 Nbd7 6. cxd5 exd5 7. e3 Be7 8. Bd3 0-0 9. Qc2 h6 10. Bh4 b5 11. a3 a5 12. 0-0 Bb7 13. Rac1 Re8 14. Rfe1 Ra7 15. Bg3 Qa8 16. Ne5 Nxe5 17. Bxe5 Nd7 18. Bxb5 Nxe5 19. dxe5 Qb8 20. Ba4 Qxe5 21. Ne2 Rc8 22. Qc3 Qd6 23. Nd4 Bf6 24. Qc5 Qxc5 25. Rxc5 Bxd4 26. exd4 Kf8 27. Rec1 Ra6 28. Bb3 Re8 29. Ba4 Re6 30. f3 Ke7 31. Bb3 Rb6 32. Bc2 Rxb2 33. Rxa5 Re2 34. Ra7 Kd6 35. Kf1 Rd2 36. a4 Bc8 37. Rxf7 Rdxc2 38. Rxc2 Rxc2 39. Rxg7 Rc4 40. Rg6+ Kc7 41. Rxh6 Rxd4 42. Rh7+ Kb6 43. Rh8 Ba6+ 44. Kf2 Rd2+ 45. Kg1 d4 46. g4 Rd1+ 47. Kg2 d3 48. g5 d2 49. Rd8 Kc7 50. Rd4 c5 51. Rd5 Bc4 52. Rxc5+ Kb6 53. Rxc4 Rg1+ 54. Kxg1 d1Q+ 55. Kf2 Qd2+ 56. Kg3 Qe1+ 57. Kg4 Qe6+ 58. Kh5 Qxc4 59. g6 Kc7 60. g7 Kd7 0-1

[Event "HUN-ch U10/14"]
[Site "Buek"]
[Date "2023.06.25"]
[Round "9"]
[White "Meszaros Csonka, David"]
[Black "Papai, Mate"]
[Result "1/2-1/2"]
[WhiteElo "1726"]
[BlackElo "1752"]
[PlyCount "45"]
[EventDate "2023.06.17"]
[EventType "swiss"]
[EventRounds "9"]
[EventCountry "HUN"]
[SourceTitle "CBM 215 Extra"]
[Source "ChessBase"]
[SourceDate "2023.09.30"]
[SourceVersion "1"]
[SourceVersionDate "2023.09.30"]
[SourceQuality "1"]

1. d4 d5 2. Bf4 Nf6 3. e3 c5 4. Nc3 cxd4 5. exd4 a6 6. Nf3 Nc6 7. Ne5 Bf5 8. g4 Bg6 9. h4 Nxe5 10. dxe5 d4 11. h5 dxc3 12. hxg6 cxb2 13. Rb1 Qa5+ 14. c3 Qxc3+ 15. Qd2 Qc6 16. f3 Nd5 17. Rxh7 Rg8 18. gxf7+ Kxf7 19. Rxb2 e6 20. Kf2 Bc5+ 21. Kg3 Raf8 22. Bh6 Ke8 23. Bxg7 1/2-1/2

[Event "HUN-ch U10/14"]
[Site "Buek"]
[Date "2023.06.22"]
[Round "6"]
[White "Papai, Mate"]
[Black "Bihary, Soma Botond"]
[Result "1-0"]
[WhiteElo "1752"]
[BlackElo "1587"]
[PlyCount "77"]
[EventDate "2023.06.17"]
[EventType "swiss"]
[EventRounds "9"]
[EventCountry "HUN"]
[SourceTitle "CBM 215 Extra"]
[Source "ChessBase"]
[SourceDate "2023.09.30"]
[SourceVersion "1"]
[SourceVersionDate "2023.09.30"]
[SourceQuality "1"]

1. d4 Nf6 2. c4 g6 3. Nc3 Bg7 4. e4 d6 5. Be2 0-0 6. Be3 e5 7. Nf3 exd4 8. Nxd4 Re8 9. f3 c6 10. Bf2 d5 11. exd5 cxd5 12. 0-0 Nc6 13. Rc1 Nxd4 14. Bxd4 dxc4 15. Bxc4 Be6 16. Bxe6 Rxe6 17. Bf2 Rd6 18. Qb3 b6 19. Rfd1 Nh5 20. Ne4 Rxd1+ 21. Rxd1 Qe7 22. Qd5 Rc8 23. Nd6 Rd8 24. Nf5 gxf5 25. Qxd8+ Bf8 26. Qxe7 Bxe7 27. Rd7 Bf6 28. b3 Nf4 29. Rxa7 Nd3 30. Bxb6 Nf4 31. a4 Nd5 32. Bc5 Nf4 33. a5 Nd3 34. b4 Nxc5 35. bxc5 Bd4+ 36. Kf1 Bxc5 37. Rc7 Bd6 38. a6 Bxc7 39. a7 1-0

[Event "Gyor Amateur op 22nd"]
[Site "Gyor"]
[Date "2023.03.04"]
[Round "3"]
[White "Illes Nagy, Nora"]
[Black "Papai, Mate"]
[Result "0-1"]
[WhiteElo "1439"]
[BlackElo "1680"]
[PlyCount "160"]
[EventDate "2023.03.04"]
[EventType "swiss"]
[EventRounds "7"]
[EventCountry "HUN"]
[SourceTitle "EXT 2024"]
[Source "ChessBase"]
[SourceDate "2023.10.10"]
[SourceVersion "1"]
[SourceVersionDate "2023.10.10"]
[SourceQuality "1"]

1. d4 d5 2. c4 c6 3. Nc3 Nf6 4. Nf3 e6 5. Bg5 Nbd7 6. cxd5 exd5 7. e3 Be7 8. Qc2 h6 9. Bh4 0-0 10. Bd3 b6 11. 0-0 Bb7 12. Rac1 Rc8 13. Qb1 c5 14. Bg3 a6 15. dxc5 bxc5 16. Rfd1 Qb6 17. Bf5 Rfd8 18. Ne5 Bc6 19. Nxd7 Bxd7 20. Nxd5 Nxd5 21. Rxd5 Bxf5 22. Rxf5 Rd2 23. b3 Bf6 24. Be5 Bxe5 25. Rxe5 Rcd8 26. h3 g6 27. Rexc5 Qf6 28. Rf1 Rb2 29. Qa1 Rdd2 30. Qe1 Re2 31. Qc3 Rxf2 32. Rc8+ Kh7 33. Rh8+ Kg7 34. Qxf6+ Rxf6 35. Rh7+ Kxh7 36. Rxf6 Rxa2 37. Rxf7+ Kg8 38. Ra7 a5 39. b4 a4 40. b5 a3 41. b6 Rb2 42. Rxa3 Rxb6 43. Kf2 Kf7 44. Ra4 Kf6 45. Rf4+ Kg5 46. Kf3 Rb3 47. Ke4 Rb2 48. Kf3 Ra2 49. Rg4+ Kh5 50. e4 g5 51. e5 Kg6 52. Ke4 Re2+ 53. Kd4 Kf5 54. Rg3 Re4+ 55. Kd3 Rxe5 56. Rf3+ Kg6 57. Kd4 Re2 58. Rg3 h5 59. Kd3 Ra2 60. Ke4 Rb2 61. Ke5 Re2+ 62. Kd4 Kf5 63. Kd3 Rf2 64. Ke3 Rb2 65. Kd4 Rb4+ 66. Kc3 Ra4 67. Kd2 Re4 68. Kd3 Ra4 69. Ke2 Ra2+ 70. Ke3 g4 71. hxg4+ hxg4 72. Kd4 Kf4 73. Rd3 Rxg2 74. Rd1 g3 75. Kd3 Rf2 76. Re1 g2 77. Rg1 Kf3 78. Re1 Rf1 79. Re3+ Kf4 80. Re4+ Kf5 0-1

[Event "HUN-chT5"]
[Site "Hungary"]
[Date "2023.01.07"]
[Round "6.7"]
[White "Fekete, Kristof"]
[Black "Papai, Mate"]
[Result "0-1"]
[WhiteElo "1271"]
[BlackElo "1613"]
[PlyCount "68"]
[EventDate "2022.12.03"]
[EventType "team-tourn"]
[EventRounds "9"]
[EventCountry "HUN"]
[SourceTitle "EXT 2024"]
[Source "ChessBase"]
[SourceDate "2023.10.10"]
[SourceVersion "1"]
[SourceVersionDate "2023.10.10"]
[SourceQuality "1"]

1. e4 c5 2. Nf3 e6 3. Nc3 Nc6 4. Bc4 a6 5. a4 Nf6 6. d4 cxd4 7. Nxd4 Qc7 8. Bb3 Bb4 9. f3 Qa5 10. Nxc6 Bxc3+ 11. bxc3 Qxc3+ 12. Bd2 Qxc6 13. 0-0 0-0 14. Kh1 d5 15. Bg5 dxe4 16. Bxf6 gxf6 17. fxe4 Qxe4 18. Rxf6 b6 19. Qh5 Bb7 20. Rg1 Rac8 21. Qg5+ Kh8 22. Rh6 Qf5 23. Qh4 Rcd8 24. Rf6 Qc5 25. Rxf7 Bxg2+ 26. Kxg2 Rd2+ 27. Kh3 Rxf7 28. Rg8+ Kxg8 29. Qg3+ Kh8 30. Qb8+ Rf8 31. Qxf8+ Qxf8 32. Bxe6 Qf3+ 33. Kh4 Rxh2+ 34. Kg5 Rh5# 0-1

[Event "HUN-chT5"]
[Site "Hungary"]
[Date "2023.01.07"]
[Round "5.8"]
[White "Papai, Mate"]
[Black "Nemeth, Zoltan1111"]
[Result "1-0"]
[WhiteElo "1613"]
[BlackElo "1294"]
[PlyCount "59"]
[EventDate "2022.12.03"]
[EventType "team-tourn"]
[EventRounds "9"]
[EventCountry "HUN"]
[SourceTitle "EXT 2024"]
[Source "ChessBase"]
[SourceDate "2023.10.10"]
[SourceVersion "1"]
[SourceVersionDate "2023.10.10"]
[SourceQuality "1"]

1. d4 e6 2. c4 c5 3. d5 exd5 4. cxd5 Nf6 5. Nc3 d6 6. e4 Be7 7. Nf3 Bg4 8. Be2 0-0 9. 0-0 Nbd7 10. h3 Bh5 11. Bf4 a6 12. a4 Re8 13. Nd2 Bg6 14. f3 Nh5 15. Bh2 Qb6 16. Nc4 Qa7 17. f4 f5 18. Bxh5 Bxh5 19. Qxh5 fxe4 20. Nxe4 Qb8 21. Ng5 Bxg5 22. fxg5 Ne5 23. Bxe5 dxe5 24. Qf7+ Kh8 25. d6 b5 26. axb5 axb5 27. Rxa8 Qxa8 28. Nxe5 h6 29. gxh6 Rg8 30. Qg6 1-0

[Event "Level op-B 8th"]
[Site "Level"]
[Date "2022.09.10"]
[Round "3"]
[White "Toth, Milan"]
[Black "Papai, Mate"]
[Result "0-1"]
[WhiteElo "1351"]
[BlackElo "1522"]
[PlyCount "68"]
[EventDate "2022.09.09"]
[EventType "swiss"]
[EventRounds "7"]
[EventCountry "HUN"]
[SourceTitle "EXT 2023"]
[Source "ChessBase"]
[SourceDate "2022.10.05"]
[SourceVersion "1"]
[SourceVersionDate "2022.10.05"]
[SourceQuality "1"]

1. e4 c5 2. Nc3 e6 3. Nf3 Nc6 4. Bc4 a6 5. d3 Qc7 6. 0-0 b5 7. Bb3 Be7 8. Be3 Nf6 9. d4 c4 10. d5 Nd8 11. e5 Nxd5 12. Nxd5 exd5 13. Qxd5 Bb7 14. Qd2 Bxf3 15. Bf4 Ne6 16. c3 cxb3 17. gxf3 0-0 18. axb3 Nxf4 19. Qxf4 f6 20. Rad1 fxe5 21. Qg4 Rad8 22. c4 Rf6 23. cxb5 Rg6 24. Rc1 Rxg4+ 25. fxg4 Qb6 26. bxa6 Qxa6 27. Ra1 Qg6 28. h3 h5 29. Ra4 e4 30. Re1 hxg4 31. Rexe4 gxh3+ 32. Rg4 Qb1+ 33. Kh2 Bd6+ 34. Kxh3 Qh1# 0-1

[Event "Fertod Polin Cup 3rd"]
[Site "Fertod"]
[Date "2022.08.13"]
[Round "4"]
[White "Marton, David"]
[Black "Papai, Mate"]
[Result "0-1"]
[WhiteElo "1567"]
[BlackElo "1453"]
[PlyCount "86"]
[EventDate "2022.08.13"]
[EventType "swiss"]
[EventRounds "4"]
[EventCountry "HUN"]
[SourceTitle "EXT 2024"]
[Source "ChessBase"]
[SourceDate "2023.10.10"]
[SourceVersion "1"]
[SourceVersionDate "2023.10.10"]
[SourceQuality "1"]

1. d4 d5 2. c4 c6 3. Nc3 Nf6 4. Bg5 Nbd7 5. e3 e6 6. Nf3 Qa5 7. cxd5 Nxd5 8. Qc2 Bb4 9. Rc1 0-0 10. Bd3 f5 11. 0-0 N7f6 12. e4 Nxc3 13. bxc3 Ba3 14. Rb1 fxe4 15. Bxe4 Nxe4 16. Qxe4 Rxf3 17. Qxf3 Qxg5 18. c4 Bf8 19. d5 exd5 20. cxd5 Qxd5 21. Qxd5+ cxd5 22. Rfd1 b6 23. Rxd5 Be6 24. Rd2 Rc8 25. g3 Bc5 26. Kg2 Bc4 27. Rbd1 a5 28. Rc2 b5 29. f4 a4 30. g4 Re8 31. Kh3 h6 32. Rd7 h5 33. f5 Re3+ 34. Kh4 hxg4 35. Kxg4 Ra3 36. Rdd2 Rxa2 37. Rxa2 Bxa2 38. Rxa2 a3 39. Rc2 b4 40. Rxc5 a2 41. Ra5 b3 42. Kg5 b2 43. Kg6 a1Q 0-1

[Event "Fertod Polin Cup 3rd"]
[Site "Fertod"]
[Date "2022.08.13"]
[Round "2"]
[White "Papai, Mate"]
[Black "Szamko, Hanna"]
[Result "1-0"]
[WhiteElo "1453"]
[BlackElo "1453"]
[PlyCount "97"]
[EventDate "2022.08.13"]
[EventType "swiss"]
[EventRounds "4"]
[EventCountry "HUN"]
[SourceTitle "EXT 2024"]
[Source "ChessBase"]
[SourceDate "2023.10.10"]
[SourceVersion "1"]
[SourceVersionDate "2023.10.10"]
[SourceQuality "1"]

1. d4 d5 2. c4 e6 3. Nc3 c6 4. Nf3 dxc4 5. e4 b5 6. b3 Bb4 7. Bd2 cxb3 8. Qxb3 a5 9. a3 Bxc3 10. Bxc3 Nf6 11. Bd3 0-0 12. 0-0 a4 13. Qc2 Na6 14. Ne5 Bb7 15. f4 Re8 16. g4 Nd7 17. Nxd7 Qxd7 18. f5 exf5 19. gxf5 c5 20. d5 c4 21. Qg2 f6 22. Be2 Qf7 23. Rf4 Nc5 24. h4 Rad8 25. h5 h6 26. Rg4 Kh7 27. Rf1 Nxe4 28. Rxe4 Bxd5 29. Bf3 Bxe4 30. Bxe4 Qxh5 31. Qg6+ Qxg6+ 32. fxg6+ Kg8 33. Bc6 Re3 34. Bb4 Re5 35. Rc1 Rg5+ 36. Kf2 Rb8 37. Be4 f5 38. Bd5+ Kh8 39. Bf7 f4 40. Kf3 Rf5 41. Bd6 Rd8 42. Bb4 Rb8 43. Rh1 Rb6 44. Ke4 Rbf6 45. Bc3 Rxf7 46. gxf7 Rxf7 47. Rxh6+ Kg8 48. Rh3 g5 49. Rh8# 1-0

[Event "Gyor Amateur op 21st"]
[Site "Gyor"]
[Date "2021.08.22"]
[Round "4"]
[White "Rubio Rodriguez, Luis"]
[Black "Papai, Mate"]
[Result "0-1"]
[WhiteElo "1842"]
[BlackElo "1217"]
[PlyCount "88"]
[EventDate "2021.08.21"]
[EventType "swiss"]
[EventRounds "5"]
[EventCountry "HUN"]
[SourceTitle "EXT 2024"]
[Source "ChessBase"]
[SourceDate "2023.10.10"]
[SourceVersion "1"]
[SourceVersionDate "2023.10.10"]
[SourceQuality "1"]

1. c4 c5 2. g3 e6 3. Bg2 d5 4. d4 cxd4 5. cxd5 exd5 6. Qxd4 Nf6 7. Nc3 Nc6 8. Qd1 Be6 9. Nf3 Bc5 10. 0-0 0-0 11. Bg5 Be7 12. Rc1 Rc8 13. Nd4 Nxd4 14. Qxd4 a6 15. a3 Rc4 16. Qd2 d4 17. Bxf6 Bxf6 18. Ne4 Rxc1 19. Rxc1 Be7 20. Nc5 Bxc5 21. Rxc5 b6 22. Rc6 a5 23. Qc1 Re8 24. Bf3 d3 25. exd3 Qxd3 26. Rc3 Qg6 27. h4 h6 28. Re3 Rc8 29. Qe1 Qf6 30. b4 axb4 31. Qxb4 Rc1+ 32. Kh2 Bc4 33. Qd2 Ra1 34. Qc2 Be6 35. Bd5 Rf1 36. Bf3 g5 37. Qe2 Ra1 38. h5 Ra2 39. Qd3 Rxf2+ 40. Kg1 Ra2 41. Be2 Ra1+ 42. Kg2 Qe7 43. Bg4 Bd5+ 44. Kh2 Rh1# 0-1